Top 25 Tyler, the Creator Songs - Statistics

General Stats
  • This quiz has been taken 251 times
  • The average score is 18 of 25
Answer Stats
# Album Score Answer % Correct
2 Flower Boy 96 See You Again
97%
7 IGOR 94 EARFQUAKE
94%
6 IGOR 95 ARE WE STILL FRIENDS?
88%
16 CHROMAKOPIA 92 Like Him
88%
4 IGOR 95 NEW MAGIC WAND
87%
17 CHROMAKOPIA 91 St. Chroma
84%
1 IGOR 96 GONE GONE / THANK YOU
83%
20 CHROMAKOPIA 91 Darling
74%
11 IGOR 92 IGOR'S THEME
74%
10 IGOR 93 I THINK
74%
8 IGOR 94 A BOY IS A GUN
73%
13 Call Me If You Get Lost 92 SWEET / I THOUGHT YOU WANTED TO DANCE
73%
5 Flower Boy 95 911 / Mr Lonely
71%
9 Wolf 93 Answer
69%
18 Wolf 91 IFHY
66%
21 Call Me If You Get Lost 91 Wusyaname
65%
15 Cherry Bomb 92 SMUCKERS
61%
14 IGOR 92 WHAT'S GOOD
61%
19 CHROMAKOPIA 91 Thought I Was Dead
60%
24 CHROMAKOPIA 90 Take Your Mask Off
57%
12 Flower Boy 92 Boredom
56%
23 Call Me If You Get Lost 91 Hot Wind Blows
53%
3 Call Me If You Get Lost 96 SORRY NOT SORRY
52%
25 Flower Boy 90 Garden Shed
47%
22 Flower Boy 91 Where This Flower Blooms
47%
No matching quizzes found
Score Distribution
Percent of People with Each Score
Percentile by Number Answered
Your Score History
You have not taken this quiz